Normale Ansicht MARC-Ansicht ISBD

Untergrund war Strategie : (Titelsatznr. 28624)

[ MARC ]
MARC-Details
000 -Satzkennung
Kontrollfeld mit fester Länge 00710nam a22002171c 4500
001 - Kontrollnummer
Kontrollfeld a987692276
008 - Feld mit fester Länge zur physischen Beschreibung - Allgemeine Angaben
Kontrollfeld mit fester Länge 190627s2018 gw |||| 000u ger d
020 ## - Internationale Standardbuchnummer
Internationale Standardbuchnummer 9783742502636
Verknüpfung 978-3-7425-0263-6
041 ## - Sprachcode
Sprachcode des Textes/der Tonspur oder des separaten Titels ger
040 ## - Katalogisierungsquelle
Übertragungsstelle RU-10907106
003 - Kontrollnummer Identifier
Kontrollfeld RU-10907106
100 1# - Haupteintragung - Personenname
Personenname Pochop, Geralf
245 00 - Titel
Titel Untergrund war Strategie :
Zusatz zum Titel Punk in der DDR zwischen Rebellion und Repression
250 ## - Ausgabebezeichnung
Ausgabebezeichnung Sonderausgabe für die Bundeszentrale für politische Bildung
264 ## - Produktion, Veröffentlichung, Distribution, Herstellung und Urheberrechtsvermerk
Herstellungs-, Veröffentlichungs- Vertriebs-, Erzeugungsort Bonn :
Produzent, Herausgeber, Distributor, Hersteller bpb, Bundeszentrale für politische Bildung,
Datum der Herstellung, der Veröffentlichung, des Vertriebs oder des Urheberschutzvermerks 2018
300 ## - Physische Beschreibung
Umfang 200 Seiten
490 #0 - Gesamttitelangabe
Gesamttitelangabe Schriftenreihe / Bundeszentrale für Politische Bildung
Bandnummer/Folgebezeichnung 10263
650 #0 - Nebeneintragung unter einem Schlagwort - Sachschlagwort
Sachschlagwort oder geografischer Name als Eintragungselement Punk
651 #0 - Nebeneintragung unter einem Schlagwort - Geografischer Name
Geografischer Name Deutschland (DDR)
942 ## - Zusätzliche Felder (Koha)
Koha-Medientyp Monographien
Exemplare
Ausgeschieden Verloren Klassifikation oder Aufstellungssystematik Beschädigt Nicht entleihbar Heimatbibliothek Aufenthaltsbibliothek Aufstellungsort Erwerbungsdatum Inventarnummer Signatur Barcode Letzte Aktivität Preis gültig von Koha-Medientyp
    Andere/Generische Klassifikation     MWN Osteuropa MWN Osteuropa Lesesaal - 1 27/06/2019 19-01215 D 54 k Poch E0040150790EE2F4 23/02/2021 22/03/2021 Monographien